000 00571nam a22001817a 4500
999 _c191015
_d191015
005 20220817123042.0
010 _aENG-134439
020 _a9788183690065
_c700.00
035 _aEN-117971
037 _bDBAD/PUB
082 _a954.2
100 _aPruthi,R.K.
245 _aCentral India-Jhansi,Calpee & Gwalior 1857 Select Documents/
_cby R.K.Pruthi
260 _bLife Span Publishers & Distributors
_c2019
_aNew Delhi
270 _a4782/23,Ansari Road,Daryaganj,
_bNew Delhi
_e110002
300 _av;307p.:
_c22cm(Hb)
942 _2ddc
_cEN
_h954.2
_mPRU